000 00828nam a2200277 i 4500
001 C2-0328322
003 PPAK
005 20180728125700.0
008 140813s2008 my a|||| ||||| | may d
020 _a9789834340414 ; 9789834340414
040 _aPPAK
_beng
_cPPAK
_erda
082 0 4 _a499.2386
_223
090 0 0 _a499.2386
_bMAN
_dK
100 0 _aMansor Man,
_eauthor
245 1 0 _aWajah-wajah di pinggir bukit
264 1 _aKuala Lumpur :
_bPerniagaan Abdul Raup ,
_c2008
300 _a112 pages :
_billustrations ;
_c20 cm
336 _2rdacontent
_atext
337 _2rdamedia
_aunmediated
338 _2rdacarrier
_avolume
490 1 _aSiri kisah pengembaraan
500 _aIncludes glossary ; Includes questions
650 1 0 _aMalay language - Readers.
830 0 _aSiri kisah pengembaraan
942 _ddc
_cB
999 _c127710
_d127710